<?xml version="1.0" encoding="UTF-8"?>
<record
    xmlns:xsi="http://www.w3.org/2001/XMLSchema-instance"
    xsi:schemaLocation="http://www.loc.gov/MARC21/slim http://www.loc.gov/standards/marcxml/schema/MARC21slim.xsd"
    xmlns="http://www.loc.gov/MARC21/slim">

  <leader>00514nam a22001817a 4500</leader>
  <controlfield tag="005">20260128125943.0</controlfield>
  <controlfield tag="008">260128b        |||||||| |||| 00| 0 eng d</controlfield>
  <datafield tag="020" ind1=" " ind2=" ">
    <subfield code="a">9789381384084</subfield>
    <subfield code="c">295.00</subfield>
  </datafield>
  <datafield tag="040" ind1=" " ind2=" ">
    <subfield code="a">MAIN</subfield>
  </datafield>
  <datafield tag="041" ind1=" " ind2=" ">
    <subfield code="a">Hindi</subfield>
  </datafield>
  <datafield tag="082" ind1=" " ind2=" ">
    <subfield code="a">294.5921 </subfield>
    <subfield code="b">MEH</subfield>
  </datafield>
  <datafield tag="100" ind1=" " ind2=" ">
    <subfield code="a">Mehta, J. M</subfield>
    <subfield code="9">26062</subfield>
  </datafield>
  <datafield tag="245" ind1=" " ind2=" ">
    <subfield code="a">Vedic Wisdom</subfield>
    <subfield code="b">: Selected Verses from the Vedas Material Gain and for Spiritual Happiness</subfield>
  </datafield>
  <datafield tag="260" ind1=" " ind2=" ">
    <subfield code="a">New Delhi</subfield>
    <subfield code="b">V. And S. Publishers</subfield>
  </datafield>
  <datafield tag="300" ind1=" " ind2=" ">
    <subfield code="a">144</subfield>
  </datafield>
  <datafield tag="650" ind1=" " ind2=" ">
    <subfield code="a">Hindu Studies </subfield>
    <subfield code="9">25783</subfield>
  </datafield>
  <datafield tag="942" ind1=" " ind2=" ">
    <subfield code="c">BK</subfield>
  </datafield>
  <datafield tag="999" ind1=" " ind2=" ">
    <subfield code="c">60112</subfield>
    <subfield code="d">60112</subfield>
  </datafield>
  <datafield tag="952" ind1=" " ind2=" ">
    <subfield code="0">0</subfield>
    <subfield code="1">0</subfield>
    <subfield code="2">ddc</subfield>
    <subfield code="4">0</subfield>
    <subfield code="6">294_592100000000000_MEH</subfield>
    <subfield code="7">1</subfield>
    <subfield code="9">91273</subfield>
    <subfield code="a">MAIN</subfield>
    <subfield code="b">MAIN</subfield>
    <subfield code="d">2026-01-28</subfield>
    <subfield code="o">294.5921 MEH</subfield>
    <subfield code="p">51735</subfield>
    <subfield code="r">2026-01-28</subfield>
    <subfield code="w">2026-01-28</subfield>
    <subfield code="y">REF</subfield>
  </datafield>
  <datafield tag="952" ind1=" " ind2=" ">
    <subfield code="0">0</subfield>
    <subfield code="1">0</subfield>
    <subfield code="2">ddc</subfield>
    <subfield code="4">0</subfield>
    <subfield code="6">294_592100000000000_MEH</subfield>
    <subfield code="7">0</subfield>
    <subfield code="9">91274</subfield>
    <subfield code="a">MAIN</subfield>
    <subfield code="b">MAIN</subfield>
    <subfield code="d">2026-01-28</subfield>
    <subfield code="l">0</subfield>
    <subfield code="o">294.5921 MEH</subfield>
    <subfield code="p">51736</subfield>
    <subfield code="r">2026-01-28</subfield>
    <subfield code="w">2026-01-28</subfield>
    <subfield code="y">BK</subfield>
  </datafield>
  <datafield tag="952" ind1=" " ind2=" ">
    <subfield code="0">0</subfield>
    <subfield code="1">0</subfield>
    <subfield code="2">ddc</subfield>
    <subfield code="4">0</subfield>
    <subfield code="6">294_592100000000000_MEH</subfield>
    <subfield code="7">0</subfield>
    <subfield code="9">91275</subfield>
    <subfield code="a">MAIN</subfield>
    <subfield code="b">MAIN</subfield>
    <subfield code="d">2026-01-28</subfield>
    <subfield code="l">0</subfield>
    <subfield code="o">294.5921 MEH</subfield>
    <subfield code="p">51737</subfield>
    <subfield code="r">2026-01-28</subfield>
    <subfield code="w">2026-01-28</subfield>
    <subfield code="y">BK</subfield>
  </datafield>
  <datafield tag="952" ind1=" " ind2=" ">
    <subfield code="0">0</subfield>
    <subfield code="1">0</subfield>
    <subfield code="2">ddc</subfield>
    <subfield code="4">0</subfield>
    <subfield code="6">294_592100000000000_MEH</subfield>
    <subfield code="7">0</subfield>
    <subfield code="9">91276</subfield>
    <subfield code="a">MAIN</subfield>
    <subfield code="b">MAIN</subfield>
    <subfield code="d">2026-01-28</subfield>
    <subfield code="l">0</subfield>
    <subfield code="o">294.5921 MEH</subfield>
    <subfield code="p">51738</subfield>
    <subfield code="r">2026-01-28</subfield>
    <subfield code="w">2026-01-28</subfield>
    <subfield code="y">BK</subfield>
  </datafield>
</record>
